banner-ar

تقابل الفنون / (Record no. 48488)

MARC details
000 -الفاتح
حقل البيانات ثابتة الطول 00670nam a2200217Ia 4500
008 - عناصر البيانات ثابتة الطول - معلومات عامة
حقل البيانات ثابتة الطول 140319s9999 xx 000 0 ara d
040 ## - مصدر الفهرسة
وكالة الفهرسة الأصلية GCL /
وكالة النسخ GCL
082 04 - رقم تصنيف ديوى العشرى
رقم التصنيف 701
رقم المادة س ت
100 1# - المدخل الرئيسى - إسم شخصى
الإسم الشخصى عيسى عصفور (مترجم)
245 10 - بيان العنوان
العنوان تقابل الفنون /
بيان المسئوليه,etc عيسى عصفور (مترجم)
700 1# - المدخل الاضافى - اسم شخصى
الإسم الشخصى سوريو، ايتيان
700 1# - المدخل الاضافى - اسم شخصى
الإسم الشخصى بدرالدين القاسم الرفاعى
490 ## - بيان السلسلة
عنوان السلسلة دراسات نقدية عالمية
رقم المجلد/ التعيين التسلسلي 0
650 04 - المدخل الاضافى بالموضوع-مصطلح موضوعى
مصطلح موضوعي الفنون الجميلة
650 04 - المدخل الاضافى بالموضوع-مصطلح موضوعى
مصطلح موضوعي الموسيقى
650 04 - المدخل الاضافى بالموضوع-مصطلح موضوعى
مصطلح موضوعي الفن
650 04 - المدخل الاضافى بالموضوع-مصطلح موضوعى
مصطلح موضوعي الفنون
650 04 - المدخل الاضافى بالموضوع-مصطلح موضوعى
مصطلح موضوعي علم الجمال المقارن
942 ## - عناصر المدخل الإضافي( كوها)
مصدر التصنيف او مخطط الترفيف Dewey Decimal Classification
Koha [default] item type كتاب
Holdings
حالة التراجع حالة الفقد حالة تلف ليس للاعارة المكان المؤقت الموقع الحالى تاريخ الاكتساب اجمالي اﻻعارات رقم الطلب الباركود تاريخ اخر مشاهدة تاريخ تفعيل السعر نوع وعاء كوها
        مكتبة القاهرة الكبرى مكتبة القاهرة الكبرى 03/26/2014   701\س ت 117095 03/26/2014 03/26/2014 كتاب
        مكتبة القاهرة الكبرى مكتبة القاهرة الكبرى 03/26/2014   701\س ت 117096 03/26/2014 03/26/2014 كتاب

Powered By

EGPV